00921nam a2200253 a 450000100060000000300080000600500170001400800410003102000240007203500190009604000230011504100080013808200260014610000290017224500710020126000490027230000350032150400390035665000480039565000420044394200120048599900170049795201530051468027BD-RjUL20211209081725.0170330s1986 maua b 001 0 eng d a0316853119 (pbk.) : a(BD-RjUL)68236 aDLCcDLCdDLCbeng aeng00a005.265223bTRC 19861 aTroy, Douglas A.920164210aComplete C language programming for the IBM-PC /cDouglas A. Troy. aBoston :bLittle, Brown and Company,cc1986. axvii, 505 p. :bill. ;c23 cm. aIncludes bibliographies and index. 0aIBM Personal ComputerxProgramming.9201644 0aC (Computer program language)9118224 2ddccBK c68027d68027 00102ddc40718NFICaRUCLbRUCLcReadingd1988-09-03eAsia Foundation, Dhaka.g0.00l0o005.265 TRC 1986r2017-03-30 00:00:00tC-1w2017-03-30yBK